LEADER 01182nam a2200289 a 4500 001 000000121716 003 CaOOAMICUS 005 20100512131729.0 008 100512t1999 it u000 u ita r 020 $a88-420-5846-7 040 $aPUL$bita$dReb 082 04$a193 100 1 $aAlbertazzi, Liliana.$0(OLS)http://pul/name/30434 245 10$aIntroduzione a Brentano /$cdi Liliana Albertazzi. 260 $aBari ; Roma :$bGius. Laterza & figli,$c©1999. 300 $a183 p. ;$c18 cm 490 1 $aI filosofi ;$v79 504 $aBibliografia: p. 159-[184]. 600 14$aBrentano, Franz Clemens,$d1838-1917$xFilosofia.$0(OLS)http://pul/subject/24124 830 2$aI filosofi (Laterza) ;$v79.$0(OLS)http://pul/title/7858 850 $aPUL 852 $aPUL$W1$xSL Filosofia 3$y81$m193 ALBLI 1$j139702$qDDC 21$q $B138892$CPULBib$Z2$F138892 $H113565 $81 941 1 $a9 996 $6020$a88-420-5846-7$9(OLS)http://pul/number/144184 996 $6082$a193$9(OLS)http://pul/classification/412 996 $6245$aIntroduzione a Brentano$9(OLS)http://pul/title/153134 996 $6260$aBari ; Roma :$bGius. Laterza & figli$9(OLS)http://pul/publisher/81307 LEADER 01154nam a2200265 a 4500 001 000000160134 003 CaOOAMICUS 005 20170410182449.0 008 170410s1967 xxc m 001 u fre r 032 $aLibriCat 040 $aPUL$bita 100 1 $aNaud, Julien.$0(OLS)http://pul/name/75811 245 12$aL'imagination dans les oeuvres de Gaston Bachelard /$cJulien Naud. 260 $aMontréal :$b[s.n.],$c1967. 300 $a47 p. ;$c25 cm. 502 $aEstratto di Tesi -- Pontificia Universitas Gregoriana. Philosophiae. 1967. 504 $aBibliografia in nota a piè pagina. 600 14$aBachelard, Gaston,$d1884-1962.$0(OLS)http://pul/subject/24263 710 2 $aPontificia Università Gregoriana.$bFacoltà di filosofia.$kTesi.$0(OLS)http://pul/name/82053 850 $aPUL 852 $aPUL$W1$xDP1 Tesi Pon. Univ. Gregoriana$y40$mTH PUG 1846$j183734$qTesi$B186942$CPULBib$Z2$F186942 $H30340 $82 941 1 $a16 996 $6245$aL'imagination dans les oeuvres de Gaston Bachelard$9(OLS)http://pul/title/199781 996 $6260$aMontréal :$b[s.n.]$9(OLS)http://pul/publisher/76191